[Event "Rated Blitz game"]
[Site "?"]
[Date "2021.06.08"]
[Round "?"]
[White "Zadokhlik"]
[Black "akhairat"]
[Result "1-0"]
[WhiteElo "2469"]
[BlackElo "2426"]
[PlyCount "37"]
[EventDate "2021.??.??"]
[EventType "blitz"]

1. e4 e5 2. Nf3 Nc6 3. c3 d5 4. Qa4 f6 5. Bb5 Nge7 6. exd5 Qxd5 7. O-O Bd7 8.
Na3 a6 9. d4 e4 10. Nd2 f5 11. Ndc4 O-O-O 12. Bxa6 bxa6 13. Qxa6+ Kb8 14. Bf4
Nc8 15. Nb5 Bd6 16. Bxd6 Nxd6 17. Ncxd6 cxd6 18. Qb6+ Kc8 19. Qc7# {Normal} 1-0

[Event "Rated Blitz game"]
[Site "?"]
[Date "2021.06.08"]
[Round "?"]
[White "Mulika13"]
[Black "spirli"]
[Result "1-0"]
[WhiteElo "2499"]
[BlackElo "2444"]
[PlyCount "105"]
[EventDate "2021.??.??"]
[EventType "blitz"]

1. e4 e5 2. Nf3 Nc6 3. c3 f5 4. d4 fxe4 5. Nxe5 Nf6 6. Bg5 d5 7. Bb5 Bd6 8.
Nxc6 bxc6 9. Bxc6+ Bd7 10. Bxd5 Rb8 11. Bb3 Bb5 12. c4 Bd7 13. c5 Be7 14. Nc3
Ng4 15. Bxe7 Qxe7 16. Nd5 Qh4 17. g3 Qh3 18. Nf4 Qh6 19. Qe2 e3 20. f3 Bb5 21.
Bc4 Bxc4 22. Qxc4 Nf2 23. Rf1 Rxb2 24. Qc3 O-O 25. Qxb2 Rxf4 26. Rxf2 exf2+ 27.
Qxf2 Rf8 28. Kf1 Qa6+ 29. Kg2 Qd3 30. Re1 h6 31. Qe3 Qc2+ 32. Re2 Qb1 33. d5
Qd1 34. d6 cxd6 35. Qe6+ Kh8 36. cxd6 Qd3 37. Re3 Qd2+ 38. Kh3 Qd1 39. Qe7 Qf1+
40. Kg4 h5+ 41. Kh4 Rxf3 42. Qe8+ Rf8 43. Qxh5+ Kg8 44. Qd5+ Kh8 45. d7 Qf6+
46. Qg5 Qd6 47. Re8 Qh6+ 48. Qxh6+ gxh6 49. Rxf8+ Kg7 50. d8=Q Kg6 51. Rf6+ Kh7
52. Qe7+ Kh8 53. Rf8# {Normal} 1-0

[Event "Rated Rapid game"]
[Site "?"]
[Date "2021.06.08"]
[Round "?"]
[White "Fight-chess"]
[Black "pascalka0409"]
[Result "0-1"]
[WhiteElo "2640"]
[BlackElo "2734"]
[PlyCount "60"]
[EventDate "2021.??.??"]
[EventType "rapid"]

1. e4 e5 2. Nf3 Nc6 3. c3 d5 4. Qa4 f6 5. Bb5 Nge7 6. exd5 Qxd5 7. d4 e4 8.
Nfd2 Qg5 9. g3 e3 10. Nf3 Qd5 11. Be2 exf2+ 12. Kxf2 Bh3 13. c4 Qf5 14. Be3
O-O-O 15. Rd1 a6 16. Nc3 Kb8 17. Rac1 h5 18. Qc2 Qxc2 19. Rxc2 Nf5 20. a3 Re8
21. Bc1 Ncxd4 22. Nxd4 Bc5 23. b4 Bxd4+ 24. Ke1 Bg1 25. Nd5 Bxh2 26. Bf4 Bxg3+
27. Kd2 Rxe2+ 28. Kxe2 Bg4+ 29. Kd2 Bxf4+ 30. Nxf4 Rd8+ {Normal} 0-1

[Event "Rated Blitz game"]
[Site "?"]
[Date "2021.06.08"]
[Round "?"]
[White "guilleso"]
[Black "SlytherinSnape"]
[Result "0-1"]
[WhiteElo "2387"]
[BlackElo "2422"]
[PlyCount "66"]
[EventDate "2021.??.??"]
[EventType "blitz"]

1. e4 e5 2. Nf3 Nc6 3. c3 Nf6 4. d4 Nxe4 5. d5 Ne7 6. Nxe5 d6 7. Nf3 Bf5 8.
Bb5+ c6 9. dxc6 bxc6 10. Be2 d5 11. O-O Ng6 12. Nd4 Bd7 13. Nd2 Nxd2 14. Bxd2
Bd6 15. Re1 O-O 16. Bf1 Rb8 17. Qc2 c5 18. Nf3 Bg4 19. Be2 Re8 20. Bd1 Qb6 21.
Rxe8+ Rxe8 22. h3 Bc8 23. Be3 Bf4 24. Bxf4 Nxf4 25. Qd2 Qf6 26. Rc1 Qf5 27. b4
Nxg2 28. Kxg2 Qxh3+ 29. Kg1 Re6 30. Ng5 Rg6 31. f4 Qg3+ 32. Kf1 Ba6+ 33. c4 Rf6
{Time forfeit} 0-1

[Event "Rated Blitz game"]
[Site "?"]
[Date "2021.06.08"]
[Round "?"]
[White "ganorabako"]
[Black "Parkrunner2038"]
[Result "0-1"]
[WhiteElo "2360"]
[BlackElo "2440"]
[PlyCount "26"]
[EventDate "2021.??.??"]
[EventType "blitz"]

1. e4 e5 2. Nf3 Nc6 3. c3 d5 4. Qa4 Bd7 5. exd5 Nd4 6. Qd1 Nxf3+ 7. Qxf3 f5 8.
d4 e4 9. Qg3 Nf6 10. Be2 Nxd5 11. Bg5 Be7 12. Bxe7 Qxe7 13. O-O f4 {Normal} 0-1

[Event "Rated Blitz tournament kuuxKuGp"]
[Site "?"]
[Date "2021.06.08"]
[Round "?"]
[White "RobertGutierez_UNMSM"]
[Black "BTR-07"]
[Result "0-1"]
[WhiteElo "2368"]
[BlackElo "2441"]
[PlyCount "108"]
[EventDate "2021.??.??"]
[EventType "blitz"]

1. e4 e5 2. Nf3 Nc6 3. c3 f5 4. d3 Nf6 5. Be2 d5 6. exd5 Qxd5 7. O-O Bd6 8. Bg5
O-O 9. Nbd2 Kh8 10. d4 e4 11. Bc4 Qa5 12. b4 Qb6 13. Ne1 a5 14. a3 axb4 15.
axb4 Rxa1 16. Qxa1 Ng4 17. h3 Nh2 18. d5 Nxf1 19. Kxf1 Ne5 20. Be3 c5 21. dxc6
Qxc6 22. Qa2 Nxc4 23. Qxc4 f4 24. Qxc6 bxc6 25. Bd4 Bf5 26. Ke2 Kg8 27. Nc4 Bc7
28. g4 fxg3 29. fxg3 Bxg3 30. Ng2 Bxh3 31. Nge3 Rf2+ 32. Kd1 Ra2 33. Ne5 h5 34.
Nxc6 h4 35. b5 Bd7 36. Nb4 Ra1+ 37. Kc2 Bxb5 38. c4 Ba4+ 39. Kb2 Re1 40. c5 h3
41. c6 Bxc6 42. Nxc6 h2 43. Ne7+ Kf7 44. N7f5 Bf4 45. Nc2 Re2 46. Nxg7 h1=Q 47.
Nf5 Qh2 48. Kb3 Rxc2 49. Bc3 Rxc3+ 50. Kxc3 Qd2+ 51. Kb3 Qd3+ 52. Kb2 Be5+ 53.
Ka2 Qc3 54. Nd4 Bxd4 {Normal} 0-1

[Event "Rated Blitz game"]
[Site "?"]
[Date "2021.06.08"]
[Round "?"]
[White "JohnScott"]
[Black "quetepasa"]
[Result "0-1"]
[WhiteElo "2537"]
[BlackElo "2569"]
[PlyCount "64"]
[EventDate "2021.??.??"]
[EventType "blitz"]

1. e4 e5 2. Nf3 Nc6 3. c3 Nf6 4. d4 exd4 5. e5 Nd5 6. cxd4 d6 7. Bc4 Be6 8. Ng5
dxe5 9. Nxe6 Bb4+ 10. Bd2 fxe6 11. dxe5 Ne3 12. Qh5+ g6 13. Qh3 Nc2+ 14. Kd1
Nxa1 15. Qxe6+ Qe7 16. Bxb4 Nxb4 17. Nc3 Qxe6 18. Bxe6 Nac2 19. Nb5 Nd4 20.
Nxd4 Rd8 21. Kd2 Rxd4+ 22. Kc3 Rf4 23. g3 Rxf2 24. Kxb4 Re2 25. Kc3 Rxe5 26.
Bb3 Ke7 27. Rf1 Rf8 28. Rd1 Rf3+ 29. Kd4 Re2 30. Rc1 c6 31. Bd1 Rd2+ 32. Ke4
Rff2 {Normal} 0-1

[Event "Rated Rapid game"]
[Site "?"]
[Date "2021.06.08"]
[Round "?"]
[White "CaspaTal"]
[Black "oleoko"]
[Result "1-0"]
[WhiteElo "2373"]
[BlackElo "2415"]
[PlyCount "45"]
[EventDate "2021.??.??"]
[EventType "rapid"]

1. e4 e5 2. Nf3 Nc6 3. c3 Nf6 4. d4 exd4 5. e5 Qe7 6. cxd4 d6 7. Bb5 dxe5 8.
dxe5 Bg4 9. O-O Ne4 10. Qd5 Qc5 11. Qxe4 Bxf3 12. Qxf3 Qxb5 13. Nc3 Qc4 14. Bg5
Bb4 15. Nd5 O-O 16. Nf6+ gxf6 17. Bxf6 Ne7 18. Qh5 Qe4 19. a3 Nd5 20. axb4 Qg6
21. Qh4 a6 22. Ra3 Nxf6 23. Rg3 {Normal} 1-0

[Event "Rated Blitz game"]
[Site "?"]
[Date "2021.06.08"]
[Round "?"]
[White "Suleymanov_Marat"]
[Black "mabumba"]
[Result "1/2-1/2"]
[WhiteElo "2402"]
[BlackElo "2538"]
[PlyCount "116"]
[EventDate "2021.??.??"]
[EventType "blitz"]

1. e4 e5 2. Nf3 Nc6 3. c3 Nf6 4. d4 Nxe4 5. d5 Bc5 6. dxc6 Bxf2+ 7. Ke2 Bb6 8.
Qd5 Nf2 9. Rg1 O-O 10. cxb7 Bxb7 11. Qxb7 d5 12. Be3 Bxe3 13. Kxe3 Ng4+ 14. Ke2
Rb8 15. Qa6 Rxb2+ 16. Nbd2 e4 17. Nd4 c5 18. Qa3 Rxd2+ 19. Kxd2 Qg5+ 20. Ke1
Qe3+ 21. Ne2 Nf2 22. Rd1 Nd3+ 23. Rxd3 exd3 24. Qc1 Qe4 25. Qf4 dxe2 26. Qxe4
exf1=Q+ 27. Rxf1 dxe4 28. Rf5 Rc8 29. Re5 Kf8 30. Rxe4 Re8 31. Rxe8+ Kxe8 32.
Ke2 Kd7 33. Kd3 Kc6 34. Ke4 Kb5 35. Kd5 f5 36. a3 a5 37. c4+ Ka4 38. Kxc5 Kxa3
39. Kb5 Kb3 40. c5 a4 41. c6 a3 42. c7 a2 43. c8=Q a1=Q 44. Qc4+ Kb2 45. Qd4+
Kb1 46. Qd1+ Ka2 47. Qa4+ Kb1 48. Qd1+ Ka2 49. Qxa1+ Kxa1 50. Kc5 Kb2 51. Kd5
Kc3 52. Ke5 g6 53. Kf6 Kd3 54. Kg7 Ke3 55. Kxh7 Kf2 56. Kxg6 f4 57. Kg5 Kxg2
58. Kxf4 Kxh2 {Normal} 1/2-1/2

[Event "Rated Blitz tournament kuuxKuGp"]
[Site "?"]
[Date "2021.06.08"]
[Round "?"]
[White "RobertGutierez_UNMSM"]
[Black "BTR-07"]
[Result "0-1"]
[WhiteElo "2366"]
[BlackElo "2423"]
[PlyCount "82"]
[EventDate "2021.??.??"]
[EventType "blitz"]

1. e4 e5 2. Nf3 Nc6 3. c3 f5 4. d4 fxe4 5. Nxe5 Nf6 6. Nxc6 bxc6 7. Be3 d5 8.
h3 Bd6 9. Nd2 O-O 10. Be2 Qe8 11. O-O Qg6 12. Kh1 h5 13. f3 Qg3 14. Bg1 e3 15.
Nb3 h4 16. Qe1 Qg5 17. Bd3 Bf4 18. Nc5 Nh5 19. Bh2 Ng3+ 20. Bxg3 Bxg3 21. f4
Rxf4 22. Qe2 Bf2 23. Bc2 Bxh3 24. gxh3 Qg3 25. Bf5 Rxf5 26. Qg4 Rg5 27. Qxg3
Rxg3 28. Nd3 Rf8 29. Nxf2 Rxf2 30. Rxf2 exf2 31. Rf1 Rg1+ 32. Rxg1 fxg1=Q+ 33.
Kxg1 g5 34. Kg2 Kg7 35. Kf3 Kg6 36. Kg4 Kf6 37. a4 Kg6 38. b3 Kf6 39. Kf3 Kf5
40. Ke3 g4 41. hxg4+ Kxg4 {Normal} 0-1

[Event "Rated Blitz game"]
[Site "?"]
[Date "2021.06.08"]
[Round "?"]
[White "wader51"]
[Black "noomehtot"]
[Result "0-1"]
[WhiteElo "2449"]
[BlackElo "2429"]
[PlyCount "62"]
[EventDate "2021.??.??"]
[EventType "blitz"]

1. e4 e5 2. Nf3 Nc6 3. c3 Nf6 4. d4 Nxe4 5. d5 Bc5 6. dxc6 Bxf2+ 7. Ke2 Bb6 8.
Qd5 Nf2 9. Qxe5+ Kf8 10. Rg1 Ng4 11. Qe4 d5 12. Qb4+ Kg8 13. Kd1 bxc6 14. Bf4
a5 15. Qa4 Qe8 16. Nbd2 Nf2+ 17. Kc1 Bf5 18. Ne5 f6 19. Qxc6 fxe5 20. Qxd5+ Be6
21. Qxe5 Rd8 22. b3 Ng4 23. Qe4 Nf6 24. Qe5 Bxg1 25. Kb2 Rd5 26. Qe2 Bc5 27.
Nc4 Bd6 28. Nxd6 cxd6 29. Rd1 Rxd1 30. Qxd1 d5 31. Qxd5 Bxd5 {Time forfeit} 0-1

[Event "Rated Blitz game"]
[Site "?"]
[Date "2021.06.08"]
[Round "?"]
[White "wader51"]
[Black "Mikhail_Linker"]
[Result "1-0"]
[WhiteElo "2438"]
[BlackElo "2544"]
[PlyCount "47"]
[EventDate "2021.??.??"]
[EventType "blitz"]

1. e4 e5 2. Nf3 Nc6 3. c3 Nf6 4. d4 d5 5. Bb5 dxe4 6. Nxe5 Bd7 7. Qb3 Nxe5 8.
dxe5 Bxb5 9. Qxb5+ Nd7 10. Qxb7 Nc5 11. Qc6+ Nd7 12. Bg5 Be7 13. Bxe7 Kxe7 14.
O-O Rb8 15. Nd2 Rxb2 16. Nc4 Rb8 17. Rad1 Qc8 18. Qxe4 Nb6 19. Nd6 Qe6 20. Nf5+
Kf8 21. Qb4+ Kg8 22. Ne7+ Kf8 23. Nc6+ Kg8 24. Nxb8 {Normal} 1-0

[Event "Rated Blitz game"]
[Site "?"]
[Date "2021.06.08"]
[Round "?"]
[White "Raphick"]
[Black "Arieleitor"]
[Result "1-0"]
[WhiteElo "2442"]
[BlackElo "2489"]
[PlyCount "111"]
[EventDate "2021.??.??"]
[EventType "blitz"]

1. e4 e5 2. Nf3 Nc6 3. c3 Nf6 4. d4 Nxe4 5. dxe5 d5 6. Bd3 Bc5 7. O-O Bg4 8.
Qa4 Bxf3 9. gxf3 Nxf2 10. Rxf2 O-O 11. Qf4 Bxf2+ 12. Kxf2 Qe7 13. Qf5 g6 14.
Qf6 Qxe5 15. Qxe5 Nxe5 16. Be2 c5 17. Bf4 Rfe8 18. Bxe5 Rxe5 19. Nd2 a6 20. Rd1
Rae8 21. Bf1 b6 22. Nb3 a5 23. Nc1 Rd8 24. Nd3 Re7 25. Nf4 Red7 26. Bb5 Rd6 27.
Re1 Kf8 28. Nd3 Re6 29. Ne5 Kg7 30. f4 f6 31. Nf3 Rxe1 32. Kxe1 h6 33. Kd2 Rd6
34. Bd3 g5 35. Ke3 Re6+ 36. Kf2 gxf4 37. Nh4 h5 38. Nf5+ Kf8 39. h4 Re5 40. Bc2
b5 41. Bd3 b4 42. Bc2 bxc3 43. bxc3 Re8 44. Bb3 c4 45. Ba4 Rb8 46. Nd4 Rb2+ 47.
Kf3 Rxa2 48. Bc6 a4 49. Bxd5 a3 50. Bxc4 Rb2 51. Ne6+ Ke7 52. Nc5 a2 53. Bxa2
Rxa2 54. Ne4 Ra3 55. Kxf4 Ke6 56. Ke3 {Time forfeit} 1-0

[Event "Rated Blitz game"]
[Site "?"]
[Date "2021.06.08"]
[Round "?"]
[White "Cachul"]
[Black "Fx_Pro"]
[Result "1-0"]
[WhiteElo "2403"]
[BlackElo "2329"]
[PlyCount "113"]
[EventDate "2021.??.??"]
[EventType "blitz"]

1. e4 e5 2. Nf3 Nc6 3. c3 d5 4. Bb5 dxe4 5. Nxe5 Qd5 6. Qa4 Nge7 7. Nxc6 Nxc6
8. O-O Be7 9. Re1 f5 10. d4 Bd7 11. Bf4 Bd6 12. Bxd6 Qxd6 13. Qb3 O-O-O 14. Nd2
a6 15. Nc4 Qh6 16. Bxc6 Bxc6 17. Ne5 Bd5 18. c4 Bg8 19. Rad1 Qd6 20. Qc3 h5 21.
b4 g5 22. a4 h4 23. b5 g4 24. c5 Qh6 25. c6 g3 26. h3 gxf2+ 27. Kxf2 f4 28.
cxb7+ Kxb7 29. bxa6+ Kxa6 30. Qxc7 e3+ 31. Kg1 Bd5 32. Ng4 Qd6 33. Qxd6+ Rxd6
34. Rc1 Rf8 35. Rc5 Be4 36. Re5 Rxd4 37. Re6+ Ka5 38. Nf6 Rxf6 39. Rxf6 Bc2 40.
Rxf4 Rxf4 41. Rxe3 Bxa4 42. Re5+ Bb5 43. Rh5 Ra4 44. Kf2 Ra2+ 45. Kf3 Ra3+ 46.
Kg4 Ra4+ 47. Kg5 Rb4 48. Rxh4 Rxh4 49. Kxh4 Be8 50. Kg5 Kb6 51. Kf6 Kc7 52. g4
Kd6 53. g5 Bd7 54. h4 Bg4 55. g6 Be6 56. h5 Bd5 57. h6 {Time forfeit} 1-0

[Event "Rated Blitz game"]
[Site "?"]
[Date "2021.06.08"]
[Round "?"]
[White "eduardo_tunguia"]
[Black "nikonoel"]
[Result "0-1"]
[WhiteElo "2413"]
[BlackElo "2252"]
[PlyCount "68"]
[EventDate "2021.??.??"]
[EventType "blitz"]

1. e4 e5 2. Nf3 Nc6 3. c3 d5 4. d3 Nf6 5. Qc2 Bc5 6. Be2 O-O 7. O-O a5 8. h3 a4
9. Bg5 dxe4 10. dxe4 Qd6 11. Nbd2 h6 12. Nc4 Qe6 13. Bh4 b5 14. Ne3 Bb7 15.
Bxb5 a3 16. Bxf6 Bxe3 17. Bxg7 axb2 18. Qxb2 Bxf2+ 19. Qxf2 Kxg7 20. Nh4 Ne7
21. Qg3+ Ng6 22. Nf5+ Kh7 23. Qe3 Nf4 24. Rxf4 exf4 25. Qxf4 Bxe4 26. Nxh6 f5
27. Qxc7+ Kxh6 28. Bd7 Qg6 29. Qf4+ Qg5 30. Qf2 Rg8 31. g4 fxg4 32. hxg4 Raf8
33. Qh2+ Kg6 34. Re1 Qc5+ {Normal} 0-1

[Event "Rated Blitz game"]
[Site "?"]
[Date "2021.06.08"]
[Round "?"]
[White "Ryba-Kit"]
[Black "vispassana"]
[Result "1-0"]
[WhiteElo "2307"]
[BlackElo "2422"]
[PlyCount "83"]
[EventDate "2021.??.??"]
[EventType "blitz"]

1. e4 e5 2. Nf3 Nc6 3. c3 Nf6 4. d4 exd4 5. e5 Ne4 6. Qe2 Nc5 7. cxd4 Na6 8. a3
d5 9. b4 Bg4 10. Be3 Nab8 11. Nbd2 Nd7 12. Qb5 Nb6 13. Be2 Be7 14. O-O O-O 15.
Rfc1 f6 16. h3 Bd7 17. Qd3 fxe5 18. dxe5 Bf5 19. Qb3 Kh8 20. Bb5 d4 21. Bf4 Nd5
22. Bg3 Nc3 23. Bf1 Nd5 24. Bc4 Be6 25. Qd3 Nf4 26. Bxf4 Bxc4 27. Qxc4 Rxf4 28.
b5 Na5 29. Qxc7 d3 30. Qxd8+ Rxd8 31. Rc7 Bf8 32. a4 b6 33. g3 Rb4 34. Rac1 Bc5
35. e6 Rxa4 36. Ne5 Re8 37. Nxd3 h6 38. Nxc5 bxc5 39. e7 c4 40. Ne4 Nb3 41. Rd1
Nd4 42. Rxd4 {Normal} 1-0

[Event "Rated Rapid game"]
[Site "?"]
[Date "2021.06.08"]
[Round "?"]
[White "AminShahabidinovChes"]
[Black "YuryKuznetsov"]
[Result "0-1"]
[WhiteElo "2262"]
[BlackElo "2450"]
[PlyCount "30"]
[EventDate "2021.??.??"]
[EventType "rapid"]

1. e4 e5 2. Nf3 Nc6 3. c3 Nf6 4. d4 Nxe4 5. d5 Nb8 6. Bd3 Nc5 7. Bc2 d6 8. O-O
f5 9. Nfd2 g6 10. b4 Nca6 11. Bb2 c6 12. f4 Bg7 13. c4 Nxb4 14. Ba4 O-O 15. Re1
Nd3 {Normal} 0-1

[Event "Rated Blitz game"]
[Site "?"]
[Date "2021.06.08"]
[Round "?"]
[White "wader51"]
[Black "eruge2020"]
[Result "1-0"]
[WhiteElo "2449"]
[BlackElo "2323"]
[PlyCount "101"]
[EventDate "2021.??.??"]
[EventType "blitz"]

1. e4 e5 2. Nf3 Nc6 3. c3 Be7 4. d4 d6 5. Bb5 Bg4 6. O-O exd4 7. cxd4 a6 8. Ba4
b5 9. Bb3 Nf6 10. Re1 Bxf3 11. gxf3 O-O 12. Nc3 Na5 13. Bc2 Nh5 14. Kh1 Bg5 15.
Rg1 Bf4 16. Ne2 Bxc1 17. Rxc1 Nc4 18. Bd3 Nxb2 19. Qd2 Nxd3 20. Qxd3 Rc8 21. d5
Qf6 22. Nd4 Nf4 23. Qe3 g6 24. Rg4 Nh5 25. Rd1 Kh8 26. Qg5 Qxg5 27. Rxg5 h6 28.
Rg4 Rfe8 29. Rc1 Nf6 30. Rgg1 Nd7 31. h4 Nc5 32. Kg2 Rf8 33. h5 Kh7 34. Rh1
gxh5 35. Rxh5 Rg8+ 36. Kf1 Rg5 37. Rh2 Rcg8 38. Ke2 Rg1 39. Nf5 R1g6 40. Rch1
Re8 41. Nxh6 Kg7 42. Nf5+ Kf6 43. Rh7 Nxe4 44. fxe4 Rxe4+ 45. Kf3 Kxf5 46.
Rxf7+ Ke5 47. Re7+ Kxd5 48. Rxe4 Rf6+ 49. Rf4 Re6 50. Rd1+ Kc6 51. Rc1+ {
Time forfeit} 1-0

[Event "Rated Blitz tournament NH65CgBr"]
[Site "?"]
[Date "2021.06.08"]
[Round "?"]
[White "hanysayed"]
[Black "gamal1957"]
[Result "0-1"]
[WhiteElo "2444"]
[BlackElo "2201"]
[PlyCount "136"]
[EventDate "2021.??.??"]
[EventType "blitz"]

1. e4 e5 2. Nf3 Nc6 3. c3 d5 4. exd5 Qxd5 5. d4 exd4 6. Nxd4 Nxd4 7. Qxd4 Qxd4
8. cxd4 Nf6 9. Nc3 Bb4 10. Bd2 c6 11. a3 Ba5 12. O-O-O Be6 13. b4 Bb6 14. Be3
O-O-O 15. Be2 Bb3 16. Rd2 a5 17. Kb2 a4 18. Bd1 Bd5 19. Nxa4 Bc7 20. Nc3 Rhe8
21. Nxd5 Nxd5 22. Bg5 f6 23. Bh4 Bf4 24. Bg4+ Kb8 25. Bg3 Bxg3 26. hxg3 h6 27.
Bf3 Nb6 28. Kb3 Re7 29. a4 Red7 30. a5 Nc8 31. Rhd1 Ne7 32. Kc4 Kc7 33. b5
cxb5+ 34. Kxb5 Nf5 35. d5 Rd6 36. Bg4 Ne7 37. Be6 g5 38. g4 Ng6 39. g3 Ne5 40.
f4 Ng6 41. f5 Ne7 42. Rc1+ Kb8 43. Rcd1 Nc6 44. Kc5 Nxa5 45. Rb1 Ka7 46. Ra2
b6+ 47. Kd4 Rc6 48. Rb4 Rc1 49. Ke4 Re1+ 50. Kf3 Rc1 51. Rab2 Rc3+ 52. Kg2 Nc4
53. Ra2+ Kb7 54. d6 Ne3+ 55. Kf2 Rxd6 56. Re4 Nd1+ 57. Ke2 Rc1 58. Rd2 Nc3+ 59.
Ke3 Rxd2 60. Kxd2 Nxe4+ 61. Kxc1 Nxg3 62. Kd2 Kc6 63. Kd3 Kc5 64. Ke3 h5 65.
Kf3 h4 66. Bb3 Kd4 67. Ba4 Ne4 68. Ke2 Nc3+ {Normal} 0-1

[Event "Rated Blitz tournament kuuxKuGp"]
[Site "?"]
[Date "2021.06.08"]
[Round "?"]
[White "Error_PleaseWait"]
[Black "condensator1"]
[Result "0-1"]
[WhiteElo "2501"]
[BlackElo "2304"]
[PlyCount "82"]
[EventDate "2021.??.??"]
[EventType "blitz"]

1. e4 e5 2. Nf3 Nc6 3. c3 d5 4. Qc2 Nf6 5. d3 g6 6. Bg5 Bg7 7. Nbd2 O-O 8. Be2
h6 9. Bh4 Be6 10. O-O Qe8 11. b4 Nh5 12. Bg3 Nxg3 13. hxg3 f5 14. exd5 Bxd5 15.
b5 Ne7 16. Rfe1 Qxb5 17. c4 Qc6 18. Qb2 Bf7 19. Nxe5 Qb6 20. Qxb6 axb6 21. Ndf3
Nc6 22. Nxc6 bxc6 23. d4 Rfd8 24. Red1 c5 25. dxc5 Bxa1 26. Rxa1 bxc5 27. Ne5
Rd2 28. Bf3 Raxa2 29. Rb1 Rab2 30. Ra1 Rb8 31. Ra7 Re8 32. Nxf7 Kxf7 33. Rxc7+
Re7 34. Rxc5 Re1+ 35. Kh2 Rxf2 36. Rc7+ Kf6 37. Bd5 Rff1 38. g4 f4 39. g3 Rf2+
40. Kh3 Re3 41. Rf7+ Kg5 {Normal} 0-1

[Event "Rated Blitz game"]
[Site "?"]
[Date "2021.06.07"]
[Round "?"]
[White "Mulika13"]
[Black "mocaspoke"]
[Result "0-1"]
[WhiteElo "2548"]
[BlackElo "2451"]
[PlyCount "138"]
[EventDate "2021.??.??"]
[EventType "blitz"]

1. e4 e5 2. Nf3 Nc6 3. c3 d5 4. Qa4 f6 5. Bb5 Nge7 6. exd5 Qxd5 7. d4 exd4 8.
cxd4 a6 9. Nc3 Qd6 10. d5 Nxd5 11. O-O Nxc3 12. bxc3 Kf7 13. Re1 Be6 14. Bc4
Nd8 15. Rxe6 Nxe6 16. Nd4 b5 17. Bxb5 axb5 18. Qxa8 Nxd4 19. Be3 Nc2 20. Rf1
Nxe3 21. fxe3 g6 22. Qb7 Be7 23. Qxb5 Qc5 24. Qb3+ Kg7 25. Rf3 Rd8 26. Qe6 Qd6
27. Qe4 Qe5 28. Qc4 Rd1+ 29. Kf2 Rd2+ 30. Ke1 Rxg2 31. Qd4 Qxd4 32. exd4 Kf7
33. c4 Kg7 34. c5 Kf7 35. d5 Bxc5 36. Rh3 Kg7 37. Rb3 Bd6 38. Rb7 Rxa2 39. h4
Rh2 40. Kd1 h5 41. Kc1 Kf7 42. Kb1 Kg7 43. Rb8 Kf7 44. Kc1 Kg7 45. Kd1 Kf7 46.
Ke1 Kg7 47. Kf1 g5 48. Kg1 Rxh4 49. Kf1 Rd4 50. Rd8 Rxd5 51. Rd7+ Kg6 52. Rd8
Rf5+ 53. Kg2 g4 54. Rb8 Kg5 55. Rf8 Kh4 56. Rg8 Re5 57. Rh8 Re2+ 58. Kf1 Rh2
59. Ke1 Kg3 60. Kd1 Rf2 61. Kc1 h4 62. Rf8 h3 63. Rh8 h2 64. Rxh2 Kxh2 65. Kd1
g3 66. Ke1 Rg2 67. Kf1 Rb2 68. Ke1 g2 69. Kd1 g1=Q# {Normal} 0-1

[Event "Rated Blitz game"]
[Site "?"]
[Date "2021.06.07"]
[Round "?"]
[White "BeTtA2004"]
[Black "Lelya96"]
[Result "1-0"]
[WhiteElo "2468"]
[BlackElo "2431"]
[PlyCount "85"]
[EventDate "2021.??.??"]
[EventType "blitz"]

1. e4 e5 2. Nf3 Nc6 3. c3 d5 4. Qa4 Bd7 5. exd5 Nd4 6. Qd1 Nxf3+ 7. Qxf3 Nf6 8.
c4 e4 9. Qe3 Qe7 10. Nc3 Qc5 11. Qxc5 Bxc5 12. d3 Ng4 13. Nxe4 Bb4+ 14. Bd2
Bxd2+ 15. Nxd2 O-O 16. Be2 Rfe8 17. h3 Ne5 18. O-O Bf5 19. Ne4 Nxd3 20. Bxd3
Bxe4 21. Bxe4 Rxe4 22. b3 Rae8 23. Rad1 Re2 24. a4 Rb2 25. Rd3 Ree2 26. c5 Kf8
27. d6 cxd6 28. cxd6 Ke8 29. d7+ Kd8 30. Rc1 Rbc2 31. Rxc2 Rxc2 32. g3 Rc7 33.
Kg2 Rxd7 34. Rc3 Rd4 35. Kf3 Kd7 36. Ke3 Rb4 37. f4 Kd6 38. Rd3+ Ke6 39. Kd2 a5
40. Kc3 h5 41. Re3+ Kd6 42. Re5 Re4 43. Rxe4 {Normal} 1-0

[Event "Rated Blitz game"]
[Site "?"]
[Date "2021.06.07"]
[Round "?"]
[White "Vladimir503"]
[Black "dbestsmiles"]
[Result "0-1"]
[WhiteElo "2414"]
[BlackElo "2510"]
[PlyCount "76"]
[EventDate "2021.??.??"]
[EventType "blitz"]

1. e4 e5 2. Nf3 Nc6 3. c3 Nf6 4. Bd3 d5 5. Qe2 dxe4 6. Bxe4 Nxe4 7. Qxe4 Bd6 8.
d4 f5 9. Qe2 e4 10. Nfd2 O-O 11. Nc4 Be6 12. Nxd6 Qxd6 13. g3 Bd5 14. Bf4 Qe6
15. Qe3 Rad8 16. b3 Rd7 17. Nd2 h6 18. h4 Qe8 19. a3 Bf7 20. Rg1 Ne7 21. c4 b5
22. g4 bxc4 23. Nxc4 Nd5 24. Qg3 fxg4 25. Be5 Be6 26. Ne3 Rf3 27. Qg2 Nxe3 28.
fxe3 Rxe3+ 29. Kd2 Rd3+ 30. Kc1 Bxb3 31. Qxe4 Bc4 32. Qxg4 Rf7 33. Rg2 Qb5 34.
Qc8+ Kh7 35. Qf5+ Rxf5 36. Rxg7+ Kh8 37. Rg5+ Rxe5 38. Rxe5 Qb3 {Normal} 0-1

[Event "Rated Blitz game"]
[Site "?"]
[Date "2021.06.07"]
[Round "?"]
[White "Cachul"]
[Black "oj_ossa"]
[Result "0-1"]
[WhiteElo "2442"]
[BlackElo "2438"]
[PlyCount "74"]
[EventDate "2021.??.??"]
[EventType "blitz"]

1. e4 e5 2. Nf3 Nc6 3. c3 Bc5 4. d4 exd4 5. cxd4 Bb6 6. d5 Nce7 7. Nc3 d6 8.
Bg5 h6 9. Bh4 g5 10. Bg3 Ng6 11. Nd4 N8e7 12. Be2 O-O 13. Qd2 f5 14. exf5 Nxf5
15. Nxf5 Bxf5 16. O-O-O Qf6 17. Bd3 Rae8 18. Bxf5 Qxf5 19. h4 Bxf2 20. Bxf2
Qxf2 21. hxg5 Qxd2+ 22. Rxd2 hxg5 23. Rh5 Rf5 24. g4 Rfe5 25. Nb5 R8e7 26. Nxa7
Nf4 27. Rhh2 Nxd5 28. Nb5 Nb4 29. Nc3 Re1+ 30. Rd1 Nd3+ 31. Kc2 Rxd1 32. Kxd1
c6 33. Kc2 Ne1+ 34. Kb3 Nf3 35. Rf2 Rf7 36. Ne4 d5 37. Nc5 Nd4+ {Normal} 0-1

[Event "Rated Blitz game"]
[Site "?"]
[Date "2021.06.07"]
[Round "?"]
[White "Rahimov_1973"]
[Black "ne_Tal"]
[Result "1-0"]
[WhiteElo "2460"]
[BlackElo "2371"]
[PlyCount "93"]
[EventDate "2021.??.??"]
[EventType "blitz"]

1. e4 e5 2. Nf3 Nc6 3. c3 g6 4. d4 exd4 5. cxd4 Bg7 6. d5 Ne5 7. Nxe5 Bxe5 8.
f4 Bg7 9. Bd3 d6 10. O-O Ne7 11. Nc3 O-O 12. f5 f6 13. Ne2 c6 14. Nf4 cxd5 15.
fxg6 hxg6 16. exd5 f5 17. Qf3 Bd7 18. Qg3 Rf6 19. Be3 Qe8 20. Rae1 Rf8 21. Bf2
Qf7 22. Ne6 Nxd5 23. Nxf8 Rxf8 24. Bc4 Be5 25. Rxe5 dxe5 26. Qxe5 Be6 27. Bd4
Qf6 28. Qxf6 Nxf6 29. Bxe6+ Kh7 30. Rc1 Kh6 31. Rc7 Kg5 32. g3 Rd8 33. Be3+ Kg4
34. Kg2 Rd3 35. h3+ Kh5 36. Bf4 g5 37. Be5 Ne4 38. Bf7+ Kh6 39. Rc8 Rd2+ 40.
Kf3 g4+ 41. hxg4 Ng5+ 42. Ke3 Nxf7 43. Kxd2 Nxe5 44. Rc7 Kg5 45. Rxb7 fxg4 46.
Rxa7 Nf3+ 47. Ke3 {Normal} 1-0

[Event "Rated Blitz game"]
[Site "?"]
[Date "2021.06.07"]
[Round "?"]
[White "Cachul"]
[Black "Kudritsky_Maksim_04"]
[Result "0-1"]
[WhiteElo "2417"]
[BlackElo "2393"]
[PlyCount "94"]
[EventDate "2021.??.??"]
[EventType "blitz"]

1. e4 e5 2. Nf3 Nc6 3. c3 f6 4. d4 d5 5. dxe5 dxe4 6. Qxd8+ Nxd8 7. Nfd2 Bf5 8.
exf6 Nxf6 9. Nc4 Bc5 10. Be3 Ne6 11. Nbd2 O-O-O 12. O-O-O Bg4 13. Re1 Rhe8 14.
h3 Bh5 15. g4 Bg6 16. Ne5 Bxe3 17. Rxe3 Nd5 18. Re1 Nef4 19. Nxg6 hxg6 20. Rxe4
Rxe4 21. Nxe4 Re8 22. f3 Ne3 23. Kd2 Nxf1+ 24. Rxf1 Nxh3 25. Rh1 Nf4 26. Ke3
Ne6 27. Rh7 b6 28. b4 a5 29. a3 axb4 30. axb4 Kb7 31. f4 Kc6 32. Kf3 Rf8 33.
Ke3 Rxf4 34. Ng5 Rf6 35. Nxe6 Rxe6+ 36. Kd4 Kd6 37. c4 c5+ 38. bxc5+ bxc5+ 39.
Kd3 Ke5 40. Rxg7 Kf4 41. Rc7 Re5 42. Rg7 g5 43. Rd7 Kxg4 44. Rd5 Kf4 45. Rd8 g4
46. Rg8 g3 47. Rg7 Rg5 {Normal} 0-1

[Event "Rated Blitz game"]
[Site "?"]
[Date "2021.06.07"]
[Round "?"]
[White "AMVAEN"]
[Black "Capitan-FE"]
[Result "1-0"]
[WhiteElo "2348"]
[BlackElo "2468"]
[PlyCount "41"]
[EventDate "2021.??.??"]
[EventType "blitz"]

1. e4 e5 2. Nf3 Nc6 3. c3 d6 4. d4 Bg4 5. d5 Nce7 6. h3 Bc8 7. c4 g6 8. Nc3 Bg7
9. Be3 Nf6 10. Qd2 h6 11. O-O-O a6 12. Kb1 Bd7 13. g4 b5 14. cxb5 axb5 15. Bxb5
Bxb5 16. Nxb5 Nxe4 17. Qc2 Nc5 18. Bxc5 dxc5 19. d6 cxd6 20. Nxd6+ Kf8 21. Qc4
{Normal} 1-0